000 00965nam a22002537a 4500
999 _c10776
_d10776
003 AR-CdUCM
008 190402b ||||| |||| 00| 0 spa d
040 _aMUNICIPALIDAD PROVINCIAL DEL CUSCO
_cBIBLIOTECA MUNICIPAL DEL CUSCO
082 _a869.6209 /
_bM425H
100 _aMata, Gonzalo Humberto
_916450
245 _aMarginales para el estudio de la literatura morlaca /
260 _aCuenca :
_bAmazonas,
_c1957.
300 _a536 páginas ;
_c22 cm.
500 _aDonación de la familia Nieto. Dedicatoria a Luis Nieto
505 _aContenido: t.1 Capitulo I Entronización -- Capitulo II La calda de Mr. Caldas -- III Capitulo Ad Majorem Dei Gloriam ...
650 _aLiteratura ecuatoriana
_911889
650 _aHistoria y crítica
_95993
650 _aLiteratura ecuatoriana (Indígena)
_927792
650 _aLiteratura quechua
_97789
650 _aSiglo XX
_98
650 _aLiteratura Latinoamericana
_9799
942 _2ddc
_cLIBROS
945 _acmm